Jak dobrze znasz tekst piosenki "Baśka" Wilki - Statystyki

Ogólne statystyki
  • Ten quiz został rozwiązany 365 razy
  • Średni wynik to 9 z 12
Statystyki odpowiedzi
Tekst Odpowiedź % Poprawnych
Z Kaśką można było .... kraśćChociaż wiem że chciała przeżyć konie
93%
Jak konie w galopieJak niebo nad ... nami
87%
Baska miala fajny biustAnia ..... styl
86%
A Monika była .... okej
81%
Piękne jak ....Pod pełnymi żaglami okręt
81%
..... mógłbym Izie dać Wszystko
80%
A .... zdradzała mnie Agnieszka
77%
Ewelina zimna jak lódWięc na noc umówiłem się z .... Alą
73%
Karolina w .... Hollywood
71%
Małgorzata jeden ....Aż onieśmielała mnie grzech
63%
.... całowała cudnie, Nawet tuż po swoim ślubie. Ela
61%
Magda zło, ... mnieZagłaskałaby na śmierć Jolka
52%
Nie znaleziono quizów pasujących do podanych kryteriów
Rozkład punktacji
Procent ludzi z każdym wynikiem
Percentyl według liczby udzielonych odpowiedzi
Twoja historia wyników
Nie rozwiązałeś tego quizu